|
|
|
|
| LEADER |
01723nam a22004577i 4500 |
| 001 |
mzk03001230618 |
| 003 |
CZ BrMZK |
| 005 |
20230929150855.0 |
| 007 |
ta |
| 008 |
160921q18911900xr fr|||||00| ||czeod |
| 040 |
|
|
|a BOA001
|b cze
|c BOA001
|e rda
|
| 072 |
|
7 |
|a 094.5
|x Tisky (19. století)
|2 Konspekt
|9 12
|
| 080 |
|
|
|a (0.068)098
|2 MRF
|
| 100 |
1 |
|
|a Blecha, Václav
|4 aut
|
| 245 |
1 |
0 |
|a Nová píseň :
|b Jak přišli chudí o jmění /
|c Sepsáním a nákladem Václava Blechy
|
| 246 |
3 |
3 |
|a Jak přišli chudí o jmění
|
| 264 |
|
1 |
|a [Praha?] :
|b [Václav Blecha],
|c [mezi 1891 a 1900?]
|
| 264 |
|
3 |
|a v Praze :
|b Tiskem Jul. Janů,
|c [mezi 1891 a 1900?]
|
| 300 |
|
|
|a 2 nečíslované listy ;
|c 8°
|
| 336 |
|
|
|a text
|b txt
|2 rdacontent
|
| 337 |
|
|
|a bez média
|b n
|2 rdamedia
|
| 338 |
|
|
|a svazek
|b nc
|2 rdacarrier
|
| 500 |
|
|
|a Rozsah: 12 arabsky číslovaných slok
|
| 500 |
|
|
|a List /1b/: 1. // Poslechněte páni též i dámy, // ...
|
| 500 |
|
|
|a Stará signatura: VK-0000.563,122
|
| 501 |
|
|
|a Přívazek 121 k: Píseň o povstání v Bosně a Krivošiji
|
| 653 |
|
|
|a píseň - chudí
|
| 653 |
|
|
|a písně světské
|
| 655 |
|
7 |
|a kramářské tisky
|7 fd119171
|2 czenas
|
| 740 |
0 |
2 |
|a Poslechněte páni též i dámy
|
| 740 |
0 |
2 |
|a Poslechněte páni, též i dámy
|
| 910 |
|
|
|a BOA001
|b VK-0000.563,přív.121
|
| 924 |
|
|
|a Poslechněte páni, též i dámy
|b Poslechněte páni též i dámy, ...
|
| 978 |
|
|
|b Blecha, Václav
|a Praha
|c 1891-1900?
|
| 978 |
|
|
|b Janů, Julius
|a Praha
|c 1891-1900?
|
| 984 |
|
|
|a Praha
|b Česko
|
| 985 |
|
|
|a 1851-1900
|
| 990 |
|
|
|a BK
|
| 993 |
|
|
|a Y
|
| 991 |
|
|
|k mzk
|
| 994 |
|
|
|a UP
|l MZK03
|b 001255920
|m přívazek 121
|n záznam 1. díla (pro objednání pokračujte kliknutím)
|